Darts World Cup - All Countries - Statistics

General Stats
  • This quiz has been taken 56 times
  • The average score is 32 of 48
Answer Stats
Debut Answer % Correct
2010 England
97%
2010 Wales
91%
2010 Australia
89%
2010 Scotland
89%
2014 France
86%
2010 Netherlands
86%
2010 Spain
86%
2010 Ireland
83%
2013 Italy
83%
2020 Portugal
83%
2010 Sweden
83%
2010 Belgium
80%
2014 China
80%
2010 Germany
80%
2014 Norway
80%
2010 New Zealand
77%
2010 United States
77%
2010 Canada
74%
2010 Denmark
74%
2010 Northern Ireland
74%
2010 Poland
74%
2010 Russia
71%
2010 Austria
69%
2010 Finland
69%
2016 Greece
69%
2010 Japan
69%
2020 Latvia
69%
2017 Brazil
66%
2012 Croatia
66%
2010 Czech Republic
66%
2023 Iceland
66%
2017 Switzerland
66%
2010 Slovakia
63%
2010 Slovenia
63%
2019 Lithuania
60%
2012 Hungary
57%
2014 India
57%
2012 South Africa
54%
2023 Ukraine
54%
2012 Philippines
49%
2014 Thailand
46%
2014 Hong Kong
40%
2014 Singapore
40%
2023 Bahrain
34%
2012 Malaysia
31%
2024 Taiwan
31%
2010 Gibraltar
26%
2023 Guyana
23%
No matching quizzes found
Score Distribution
Percent of People with Each Score
Percentile by Number Answered
Your Score History
You have not taken this quiz